Statistics for 10 Biggest Countries in Africa by Area

Click here to take the quiz!

General Stats

  • This quiz has been taken 60 times
  • The average score is 9 of 10

Answer Stats

HintAnswer% Correct
1.Algeria
98%
9.South Africa
96%
2.Democratic Republic of the Congo
93%
6.Niger
91%
3.Sudan
91%
4.Libya
85%
5.Chad
82%
8.Mali
82%
10.Ethiopia
80%
7.Angola
73%

Score Distribution

Percentile by Number Answered

Percent of People with Each Score

Your Score History

You have not taken this quiz